000 00310 a2200133 4500
005 20250630114639.0
020 _a0-471-79674-3
082 _a658.8 PAP
100 _aPAPADOPOULS, N.
245 _aCases in Canadian Marketing,
260 _aNew York,
_bMcGRAW- HILL,
_c2003.
300 _c27 cm
942 _2ddc
_cBKS
999 _c6473
_d6473